Philosophy of music education (Record no. 18996)
[ view plain ]
| 000 -LEADER | |
|---|---|
| fixed length control field | 00456nam a22001817a 4500 |
| 003 - CONTROL NUMBER IDENTIFIER | |
| control field | OSt |
| 005 - DATE AND TIME OF LATEST TRANSACTION | |
| control field | 20210626101519.0 |
| 008 - FIXED-LENGTH DATA ELEMENTS--GENERAL INFORMATION | |
| fixed length control field | 210626b xxu||||| |||| 00| 0 eng d |
| 020 ## - INTERNATIONAL STANDARD BOOK NUMBER | |
| International Standard Book Number | 9966261748 |
| 040 ## - CATALOGING SOURCE | |
| Transcribing agency | KABU |
| 050 ## - LIBRARY OF CONGRESS CALL NUMBER | |
| Classification number | MT1 |
| Item number | .D53 2019 c.1 |
| 100 ## - MAIN ENTRY--PERSONAL NAME | |
| Personal name | Digolo, Beatrice Aoko |
| 245 ## - TITLE STATEMENT | |
| Title | Philosophy of music education |
| 260 ## - PUBLICATION, DISTRIBUTION, ETC. (IMPRINT) | |
| Place of publication, distribution, etc. | Eldoret, Kenya |
| Name of publisher, distributor, etc. | Utafiti Foundation |
| Date of publication, distribution, etc. | 2019 |
| 300 ## - PHYSICAL DESCRIPTION | |
| Extent | viii, 122p. |
| 650 ## - SUBJECT ADDED ENTRY--TOPICAL TERM | |
| Topical term or geographic name as entry element | Music |
| 942 ## - ADDED ENTRY ELEMENTS (KOHA) | |
| Source of classification or shelving scheme | Library of Congress Classification |
| Koha item type | General Collection |
| Withdrawn status | Lost status | Source of classification or shelving scheme | Not for loan | Home library | Current library | Date acquired | Cost, normal purchase price | Total Checkouts | Full call number | Barcode | Date last seen | Price effective from | Koha item type |
|---|---|---|---|---|---|---|---|---|---|---|---|---|---|
| Library of Congress Classification | Kabarak, Main Campus | Kabarak, Main Campus | 26/06/2021 | 2000.00 | MT1 .D53 2019 c.1 | 030898 | 26/06/2021 | 26/06/2021 | General Collection | ||||
| Library of Congress Classification | Kabarak, Main Campus | Kabarak, Main Campus | 26/06/2021 | 2000.00 | MT1 .D53 2019 c.2 | 030899 | 26/06/2021 | 26/06/2021 | General Collection | ||||
| Library of Congress Classification | Kabarak, Main Campus | Kabarak, Main Campus | 26/06/2021 | 2000.00 | MT1 .D53 2019 c.3 | 030900 | 26/06/2021 | 26/06/2021 | General Collection | ||||
| Library of Congress Classification | Kabarak, Main Campus | Kabarak, Main Campus | 26/06/2021 | 2000.00 | MT1 .D53 2019 c.4 | 030901 | 26/06/2021 | 26/06/2021 | General Collection | ||||
| Library of Congress Classification | Kabarak, Main Campus | Kabarak, Main Campus | 26/06/2021 | 2000.00 | MT1 .D53 2019 c.5 | 030902 | 26/06/2021 | 26/06/2021 | General Collection | ||||
| Library of Congress Classification | Kabarak, Main Campus | Kabarak, Main Campus | 26/06/2021 | 2000.00 | MT1 .D53 2019 c.6 | 030903 | 26/06/2021 | 26/06/2021 | General Collection | ||||
| Library of Congress Classification | Kabarak, Main Campus | Kabarak, Main Campus | 26/06/2021 | 2000.00 | MT1 .D53 2019 c.7 | 030904 | 26/06/2021 | 26/06/2021 | General Collection | ||||
| Library of Congress Classification | Kabarak, Main Campus | Kabarak, Main Campus | 26/06/2021 | 2000.00 | MT1 .D53 2019 c.8 | 030905 | 26/06/2021 | 26/06/2021 | General Collection | ||||
| Library of Congress Classification | Kabarak, Nakuru City Campus | Kabarak, Nakuru City Campus | 26/06/2021 | 2000.00 | MT1 .D53 2019 c.1 | 030906 | 28/02/2023 | 26/06/2021 | General Collection | ||||
| Library of Congress Classification | Kabarak, Nakuru City Campus | Kabarak, Nakuru City Campus | 26/06/2021 | 2000.00 | MT1 .D53 2019 c.2 | 030907 | 26/06/2021 | 26/06/2021 | General Collection |